|
|
|
|
| LEADER |
01156nam a22002537a 4500 |
| 001 |
37859 |
| 003 |
BD-DhAAL |
| 008 |
220228t2004 ii a|||| |||| 00| 0 ben d |
| 999 |
|
|
|c 43618
|d 43618
|
| 040 |
|
|
|a BD-DhAAL
|
| 082 |
|
|
|a 370.954
|
| 100 |
|
|
|a পাল, দেবাশিস
|9 46239
|
| 245 |
|
|
|a শিক্ষায় পরিমাপ ও মূল্যায়ন /
|c দেবাশিস পাল ও দেবাশিস ধর
|
| 250 |
|
|
|a প্রথম প্রকাশ
|
| 260 |
|
|
|a কলকাতা :
|b রীতা বুক এজেন্সি,
|c ২০০৪.
|
| 300 |
|
|
|a ২৮০ পৃষ্ঠা :
|b চার্ট ;
|c ২২ সে.মি.
|
| 526 |
|
|
|a BIED
|
| 541 |
|
|
|a Complimentary copy from BIED
|e 37859
|
| 650 |
|
|
|a Education
|x India.
|9 46240
|
| 650 |
|
|
|a Education.
|9 46241
|
| 700 |
|
|
|a ধর, দেবাশিস
|9 46242
|
| 852 |
|
|
|a Ayesha Abed Library
|c BIED Collection
|
| 942 |
|
|
|2 ddc
|c BK
|
| 952 |
|
|
|0 0
|1 0
|2 ddc
|4 0
|6 370_954000000000000_PAU
|7 0
|9 69938
|a BRACUL
|b BRACUL
|c GEN
|d 2022-02-28
|e Complimentary copy from BIED
|l 0
|o 370.954 PAU
|p 3010037859
|r 2022-02-28
|t 1
|w 2022-02-28
|y BK
|x Transferred from BIED to General Stacks
|